[Event "BLR-chB"]
[Site "Minsk"]
[Date "2020.02.02"]
[Round "8"]
[White "Kuleshov, Konstantin"]
[Black "Teterev, Vitaly"]
[Result "1/2-1/2"]
[WhiteElo "2076"]
[BlackElo "2476"]
[PlyCount "134"]
[EventDate "2020.01.26"]
[EventType "swiss"]
[EventRounds "9"]
[EventCountry "BLR"]
[SourceTitle "CBM 194 Extra"]
[Source "ChessBase"]
[SourceDate "2020.03.31"]
[SourceVersion "1"]
[SourceVersionDate "2020.03.31"]
[SourceQuality "1"]

1. d4 Nf6 2. c4 g6 3. Nc3 Bg7 4. e4 d6 5. Be2 0-0 6. Be3 c6 7. h4 e5 8. d5 cxd5 9. cxd5 a6 10. h5 b5 11. a3 Nbd7 12. hxg6 fxg6 13. Nh3 Nc5 14. Ng5 h6 15. b4 hxg5 16. bxc5 Qa5 17. Bd2 dxc5 18. Nxb5 Qd8 19. Nc3 g4 20. Be3 g3 21. fxg3 Qa5 22. Bd2 Ne8 23. Qa4 Qc7 24. Qc6 Qxc6 25. dxc6 Be6 26. Be3 Nf6 27. Rb1 c4 28. 0-0 Rf7 29. Rb6 Rc8 30. Rxa6 Rfc7 31. Rb1 Rxc6 32. Rxc6 Rxc6 33. a4 Bf8 34. a5 Nd7 35. Nd5 Nc5 36. Rb8 Kg7 37. Nb4 Rc8 38. Rxc8 Bxc8 39. Bxc4 Nxe4 40. Nd3 Nd6 41. Nxe5 Kf6 42. Bd4 Nxc4 43. Nxc4+ Ke6 44. Bb6 Ba6 45. Ne3 Bh6 46. Ng4 Bd2 47. Kf2 Kf5 48. Nh2 Ke4 49. Nf3 Bc3 50. Nh4 g5 51. Nf3 g4 52. Nh2 Bc8 53. Nf1 Kd3 54. Ne3 Bb4 55. Nd5 Bd6 56. Ne3 Bb4 57. a6 Bxa6 58. Nxg4 Bc8 59. Ne5+ Ke4 60. Nf3 Be7 61. Nh2 Bd6 62. Nf1 Be7 63. Nd2+ Kd3 64. Be3 Bc5 65. Nf1 Bd6 66. Bb6 Ke4 67. Ne3 Be7 1/2-1/2

[Event "Minsk Kupreichik Memorial rapid"]
[Site "Minsk"]
[Date "2019.08.15"]
[Round "1"]
[White "Shaban, Aliaksandra"]
[Black "Kuleshov, Konstantin"]
[Result "1/2-1/2"]
[WhiteElo "1734"]
[BlackElo "2076"]
[PlyCount "47"]
[EventDate "2019.08.15"]
[EventType "swiss (rapid)"]
[EventRounds "10"]
[EventCountry "BLR"]
[SourceTitle "CBM 191 Extra"]
[Source "ChessBase"]
[SourceDate "2019.09.30"]
[SourceVersion "1"]
[SourceVersionDate "2019.09.30"]
[SourceQuality "1"]

1. d4 Nf6 2. c4 g6 3. Nc3 d5 4. cxd5 Nxd5 5. e4 Nxc3 6. bxc3 Bg7 7. Nf3 c5 8. Be3 Nc6 9. Rc1 cxd4 10. cxd4 Qa5+ 11. Qd2 Qxd2+ 12. Kxd2 0-0 13. Bb5 Rd8 14. Bxc6 bxc6 15. Rc5 Rb8 16. Rhc1 Rb2+ 17. R1c2 Rxc2+ 18. Kxc2 Be6 19. a3 Bd7 20. Ne5 Be8 21. Nxc6 Bxc6 22. Rxc6 Bxd4 23. Bxd4 Rxd4 24. f3 1/2-1/2

[Event "Orsha blitz op"]
[Site "Orsha"]
[Date "2019.01.19"]
[Round "6"]
[White "Moskalenko, Alexander"]
[Black "Kuleshov, Konstantin"]
[Result "1/2-1/2"]
[WhiteElo "2510"]
[BlackElo "2052"]
[PlyCount "150"]
[EventDate "2019.01.19"]
[EventType "swiss (blitz)"]
[EventRounds "10"]
[EventCountry "BLR"]
[SourceTitle "CBM 189 Extra"]
[Source "ChessBase"]
[SourceDate "2019.06.03"]
[SourceVersion "1"]
[SourceVersionDate "2019.06.03"]
[SourceQuality "1"]

1. Nf3 f5 2. d3 d6 3. e4 e5 4. Nc3 Nf6 5. exf5 Bxf5 6. d4 e4 7. Nh4 Bg4 8. Be2 Bxe2 9. Qxe2 Nc6 10. Nxe4 Nxe4 11. Qxe4+ Be7 12. Nf5 0-0 13. Nxe7+ Qxe7 14. Qxe7 Nxe7 15. Be3 Nf5 16. 0-0 Rae8 17. Rae1 Re4 18. c3 Rfe8 19. Bd2 Re2 20. Rxe2 Rxe2 21. Rd1 Kf7 22. Kf1 Re8 23. f3 c6 24. Kf2 d5 25. Bf4 b5 26. g4 Ne7 27. Bd6 Ng6 28. a4 Rd8 29. Bg3 a6 30. axb5 axb5 31. Ra1 Rd7 32. Ra6 Ne7 33. Bh4 Rc7 34. Bg3 Rd7 35. Be5 Rb7 36. b4 Rd7 37. f4 g6 38. h4 Ke6 39. Kf3 Rb7 40. Kg3 Rd7 41. Kf3 Rb7 42. Bg7 Kd7 43. Bf8 Rc7 44. Bxe7 Kxe7 45. Ra8 Kf7 46. Rd8 h5 47. Rd6 Kg7 48. g5 Kf7 49. Rf6+ Kg7 50. f5 gxf5 51. Kf4 Re7 52. Kxf5 Re4 53. Rxc6 Rxh4 54. Rc7+ Kf8 55. Kg6 Rh3 56. Rc5 h4 57. Kh7 Rg3 58. g6 h3 59. Rxd5 h2 60. Rf5+ Ke7 61. Rh5 Rg2 62. g7 Kf7 63. g8Q+ Rxg8 64. Rxh2 Rg3 65. Rf2+ Ke6 66. Re2+ Kd6 67. Re5 Rxc3 68. Rxb5 Rc4 69. d5 Rd4 70. Kg6 Rxd5 71. Rb8 Kc6 72. Kf6 Rb5 73. Rc8+ Kd5 74. Rd8+ Kc4 75. Rc8+ Kxb4 1/2-1/2

[Event "Minsk op"]
[Site "Minsk"]
[Date "2015.07.16"]
[Round "2"]
[White "Meribanov, Vitaly"]
[Black "Kuleshov, Konstantin"]
[Result "1-0"]
[WhiteElo "2387"]
[BlackElo "2055"]
[PlyCount "111"]
[EventDate "2015.07.15"]
[EventType "swiss"]
[EventRounds "9"]
[EventCountry "BLR"]
[SourceTitle "CBM 167 Extra"]
[Source "ChessBase"]
[SourceDate "2015.09.14"]
[SourceVersion "1"]
[SourceVersionDate "2015.09.14"]
[SourceQuality "1"]

1. e4 d5 2. exd5 Qxd5 3. Nc3 Qa5 4. d4 Nf6 5. Nf3 Bg4 6. h3 Bh5 7. g4 Bg6 8. Ne5 e6 9. Bg2 c6 10. 0-0 Nbd7 11. Nxg6 hxg6 12. Bf4 Bb4 13. Qd3 Nd5 14. Nxd5 cxd5 15. c4 Nf6 16. c5 Qa4 17. g5 Nh5 18. Bd6 Qc6 19. Bf3 Ba5 20. Qe3 Rc8 21. Bg4 Qd7 22. f4 Bc7 23. Bxc7 Rxc7 24. f5 gxf5 25. Bxf5 g6 26. Bg4 Ng7 27. Qe5 Rh7 28. Rf6 Qe7 29. Raf1 Nf5 30. b4 Rc8 31. Kh2 Qc7 32. Qxc7 Rxc7 33. Bxf5 gxf5 34. g6 fxg6 35. Rxe6+ Kf7 36. Rd6 Re7 37. Rf3 Re2+ 38. Kg3 Rxa2 39. Rd7+ Kg8 40. Rd8+ Kg7 41. Rxd5 Kh6 42. b5 Rb2 43. c6 bxc6 44. bxc6 Rc2 45. Rd6 Kg5 46. d5 Rd2 47. Rd8 Rc2 48. Rg8 Re7 49. h4+ Kh6 50. d6 Re4 51. d7 Rg4+ 52. Kh3 Rc1 53. Rg3 Rxh4+ 54. Kxh4 Rh1+ 55. Rh3 Rg1 56. Rd3 1-0